Normal view
MARC view
Entry Personal Name
001 - CONTROL NUMBER
- control field: 29623
003 - CONTROL NUMBER IDENTIFIER
- control field: ARRUPE
005 - DATE AND TIME OF LATEST TRANSACTION
- control field: 20170404105358.0
008 - FIXED-LENGTH DATA ELEMENTS
- fixed length control field: 170404|| aca||aabn | a|a d
040 ## - CATALOGING SOURCE
- Original cataloging agency: ARRUPE
- Transcribing agency: ARRUPE
100 ## - HEADING--PERSONAL NAME
- Personal name: Translated and Arranged by B.G. Sandhurst, with an Introduction by C.C. Martinda
670 ## - SOURCE DATA FOUND
- Source citation: Work cat.: (ARRUPE)54439: Sandhurst, B.G 29622, We Saw Her